| 000 | 01011nam a2200289 a 4500 | ||
|---|---|---|---|
| 001 | 60011 | ||
| 003 | BD-RjUL | ||
| 005 | 20211209080808.0 | ||
| 008 | 161228s1997 enk b 001 0 eng | ||
| 020 | _a0335196144 (hb) | ||
| 020 | _a0335196136 (pb) | ||
| 035 | _a(BD-RjUL)60135 | ||
| 040 |
_aDLC _cDLC _dDLC _dBD-RjUL _beng |
||
| 041 | _aeng | ||
| 082 | 0 | 0 |
_a364.082 _223 _bLER 1996 |
| 100 | 1 |
_aLees, Sue. _9178557 |
|
| 245 | 1 | 0 |
_aRuling passions : _bsexual violence, reputation, and the law / _cSue Lees. |
| 260 |
_aBuckingham ; _aPhiladelphia : _bOpen University Press, _c1997. |
||
| 300 |
_a211 p. ; _c24 cm. |
||
| 504 | _aIncludes bibliography and index. | ||
| 650 | 0 |
_aWomen _xCrimes against _zGreat Britain. _9178558 |
|
| 650 | 0 |
_aViolent crimes _zGreat Britain. _9178559 |
|
| 650 | 0 |
_aSex discrimination in criminal justice administration _zGreat Britain. _9178560 |
|
| 650 | 0 |
_aSex discrimination against women _zGreat Britain. _9178561 |
|
| 650 | 0 |
_aSex role _zGreat Britain. _9178562 |
|
| 942 |
_2ddc _cBK |
||
| 999 |
_c60011 _d60011 |
||